Bodies of Water - Sudden Death - Statistics

General Stats
  • This quiz has been taken 215 times
    214 since last reset
  • The average score is 12 of 21
Answers on the Grid
Answers color-coded by a green-red scale on the quiz's grid according to % correct below.
Atlantic Ocean
Arabian Sea
Lake Himalaya
Purple Sea
Bellingshausen Sea
Aegean Sea
Sea Of Tranquility
Coniston Water
Bay Of Biscay
Indian Ocean
Adriatic Sea
Lake Of Love
Loch McTavish
Gulf Of Mexico
Grey Sea
Lough Neagh
Sea Of Borneo
Weddell Sea
Banana Water
Coral Sea
English Channel
East Siberian Sea
Michigan Sea
Lake Superior
Caspian Sea
Lake Como
Bay Of Tigers
Bay Of Bengal
Bering Sea
Tasman Sea
Kara Sea
Sea Of Alexandria
 
Answer Stats
Answer % Correct
Atlantic Ocean
96%
Indian Ocean
82%
Gulf Of Mexico
81%
Arabian Sea
75%
Aegean Sea
74%
Adriatic Sea
72%
English Channel
72%
Bay Of Biscay
69%
Caspian Sea
69%
Lake Superior
67%
Bay Of Bengal
64%
Bering Sea
64%
Coral Sea
56%
Tasman Sea
53%
Lake Como
51%
Weddell Sea
38%
Kara Sea
36%
East Siberian Sea
35%
Lough Neagh
25%
Bellingshausen Sea
23%
Coniston Water
10%
No matching quizzes found
Score Distribution
Percent of People with Each Score
Percentile by Number Answered
Your Score History
You have not taken this quiz since the last reset